000 00654nam a2200229i 4500
008
020 _a0471276855 (hbk.)
049 _aMAIN
050 0 _aTA1700
_fTHO
100 1 _aThompson, G. H. B.
245 1 0 _aPhysics of semiconductor laser devices /
_cG. H. B. Thompson.
260 _aChichester :
_bWiley,
_cc1980.
300 _axxv, 549 p. :
_bill. ;
_c24 cm.
504 _aIncludes bibliographical references.
500 _aIncludes index.
650 0 _aSemiconductor lasers.
907 _a.b10172439
_b11-10-05
_c19-08-05
003
005 20230123134053.0
040 _cNUST
942 _cBOOKS
999 _c159522
_d159522